Opyt lingvostilističeskogo analiza hudožestvennyh proizvedenij v universitetskoj auditorii

Elmentve itt :
Bibliográfiai részletek
Szerző: Kugler Katalin
Dokumentumtípus: Cikk
Megjelent: 1985
Sorozat:Dissertationes slavicae. sectio linguistica 17
Kulcsszavak:Nyelvtudomány, Pedagógia
Online Access:http://acta.bibl.u-szeged.hu/1249
LEADER 00682nab a2200181 i 4500
001 acta1249
005 20210310154401.0
008 161015s1985 hu o 0|| rus d
022 |a 0237-9554 
040 |a SZTE Egyetemi Kiadványok Repozitórium  |b hun 
041 |a rus 
100 1 |a Kugler Katalin 
245 1 0 |a Opyt lingvostilističeskogo analiza hudožestvennyh proizvedenij v universitetskoj auditorii  |h [elektronikus dokumentum] /  |c  Kugler Katalin 
260 |c 1985 
300 |a 218-224 
490 0 |a Dissertationes slavicae. sectio linguistica  |v 17 
695 |a Nyelvtudomány, Pedagógia 
856 4 0 |u http://acta.bibl.u-szeged.hu/1249/1/dissert_slav_ling_017_218-224.pdf  |z Dokumentum-elérés